[Event "Valencia Carabobeno 3rd"]
[Site "Valencia"]
[Date "2017.08.26"]
[Round "3"]
[White "Blanco Da Silva, Cristofer R"]
[Black "Diaz Lucero, Juan C"]
[Result "1-0"]
[WhiteElo "1979"]
[BlackElo "2071"]
[PlyCount "81"]
[EventDate "2017.08.25"]
[EventType "swiss"]
[EventRounds "5"]
[EventCountry "VEN"]
[SourceTitle "CBM 180 Extra"]
[Source "ChessBase"]
[SourceDate "2017.10.06"]
[SourceVersion "1"]
[SourceVersionDate "2017.10.06"]
[SourceQuality "1"]

1. Nf3 c5 2. g3 g6 3. Bg2 Bg7 4. 0-0 Nf6 5. d3 0-0 6. e4 Nc6 7. Nc3 d5 8. Bg5 d4 9. Ne2 h6 10. Bd2 e5 11. Ne1 b5 12. f4 exf4 13. Bxf4 g5 14. Bd2 Ne5 15. Nf3 Nfg4 16. Nxe5 Nxe5 17. a4 Ba6 18. axb5 Bxb5 19. Nc1 c4 20. Bb4 Re8 21. Bh3 a5 22. Ba3 Qb6 23. Kh1 a4 24. Bg4 cxd3 25. cxd3 Qa6 26. Be2 Rac8 27. Bb4 Qc6 28. b3 a3 29. Rxa3 Nxd3 30. Bxd3 Bxd3 31. Nxd3 Rxe4 32. Qf3 g4 33. Qxf7+ Kh8 34. Qc4 Qxc4 35. bxc4 Rxc4 36. Ra8+ Kh7 37. Ra7 Kg6 38. Ra6+ Kh7 39. Rf7 Kg8 40. Raa7 Be5 41. Rf8# 1-0

[Event "Valencia IRT"]
[Site "Valencia"]
[Date "2017.05.26"]
[Round "1"]
[White "Diaz Lucero, Juan C"]
[Black "Sanchez Alvarez, Kelvin Antonio"]
[Result "0-1"]
[WhiteElo "2075"]
[BlackElo "2239"]
[PlyCount "56"]
[EventDate "2017.05.26"]
[EventType "swiss"]
[EventRounds "6"]
[EventCountry "VEN"]
[SourceTitle "EXT 2018"]
[Source "ChessBase"]
[SourceDate "2017.10.13"]
[SourceVersion "1"]
[SourceVersionDate "2017.10.13"]
[SourceQuality "1"]

1. e4 c5 2. Nf3 d6 3. d4 cxd4 4. Nxd4 Nf6 5. Nc3 g6 6. Bc4 Bg7 7. Bb3 0-0 8. 0-0 Nc6 9. Re1 Bg4 10. Qd3 Nxd4 11. Qxd4 Nd7 12. Qe3 Nc5 13. h3 Bd7 14. Bc4 Rc8 15. Qe2 a6 16. Bg5 h6 17. Be3 b5 18. Bb3 b4 19. Nd5 a5 20. e5 Bxe5 21. Bxh6 Re8 22. f4 Bd4+ 23. Kh1 e6 24. Bg5 f6 25. Qc4 Nxb3 26. Qxb3 fxg5 27. Qd3 Bg7 28. Qxg6 exd5 0-1

[Event "Caracas FVA 80th Ann"]
[Site "Caracas"]
[Date "2015.12.18"]
[Round "5"]
[White "Hernandez Perdomo, Ronny Daniel"]
[Black "Diaz Lucero, Juan C"]
[Result "0-1"]
[WhiteElo "1528"]
[BlackElo "2130"]
[PlyCount "34"]
[EventDate "2015.12.16"]
[EventType "swiss"]
[EventRounds "8"]
[EventCountry "VEN"]
[SourceTitle "EXT 2018"]
[Source "ChessBase"]
[SourceDate "2017.10.13"]
[SourceVersion "1"]
[SourceVersionDate "2017.10.13"]
[SourceQuality "1"]

1. e4 c5 2. Nf3 Nc6 3. d4 cxd4 4. Nxd4 g6 5. Nc3 Bg7 6. Be3 Nf6 7. Bc4 0-0 8. f3 Qb6 9. Bb3 Nxe4 10. Na4 Qa5+ 11. Kf1 Nxd4 12. Bxd4 Nd2+ 13. Ke2 Bxd4 14. Qxd2 Qe5+ 15. Kf1 b5 16. c3 bxa4 17. cxd4 Qb5+ 0-1

[Event "Nuestra Senora de Chiquinquira Cup 13th"]
[Site "Maracaibo"]
[Date "2012.11.24"]
[Round "6"]
[White "Romero Barreto, Jaime Jose"]
[Black "Diaz Lucero, Juan C"]
[Result "1/2-1/2"]
[WhiteElo "2125"]
[BlackElo "2162"]
[PlyCount "68"]
[EventDate "2012.11.22"]
[EventType "swiss"]
[EventRounds "7"]
[EventCountry "VEN"]
[SourceTitle "EXT 2024"]
[Source "ChessBase"]
[SourceDate "2023.10.10"]
[SourceVersion "1"]
[SourceVersionDate "2023.10.10"]
[SourceQuality "1"]

1. e4 c5 2. Nc3 Nc6 3. f4 e6 4. Bb5 Nge7 5. Nf3 a6 6. Bxc6 Nxc6 7. 0-0 d5 8. d3 Be7 9. Kh1 b5 10. Bd2 0-0 11. Qe1 Bb7 12. Ne2 f5 13. exf5 exf5 14. c3 d4 15. cxd4 cxd4 16. Qf2 Qd5 17. Nexd4 Nxd4 18. Qxd4 Qxd4 19. Nxd4 Rad8 20. Rae1 Bh4 21. Ne6 Bxe1 22. Bxe1 Rxd3 23. Nxf8 Kxf8 24. Kg1 Kf7 25. Bc3 g6 26. a3 Ke6 27. Kf2 Be4 28. h4 h5 29. Rc1 Kd5 30. Bb4 Rb3 31. Rd1+ Rd3 32. Rc1 Rb3 33. Bc3 a5 34. Rd1+ Kc5 1/2-1/2

[Event "Nuestra Senora de Chiquinquira Cup 13th"]
[Site "Maracaibo"]
[Date "2012.11.23"]
[Round "4"]
[White "Diaz Lucero, Juan C"]
[Black "Ortega Amarelle, Mariano"]
[Result "1/2-1/2"]
[WhiteElo "2162"]
[BlackElo "2466"]
[PlyCount "80"]
[EventDate "2012.11.22"]
[EventType "swiss"]
[EventRounds "7"]
[EventCountry "VEN"]
[SourceTitle "EXT 2024"]
[Source "ChessBase"]
[SourceDate "2023.10.10"]
[SourceVersion "1"]
[SourceVersionDate "2023.10.10"]
[SourceQuality "1"]

1. e4 e5 2. Nf3 Nc6 3. Bb5 a6 4. Ba4 Nf6 5. Bxc6 dxc6 6. d3 Nd7 7. 0-0 Bd6 8. b3 0-0 9. Bb2 c5 10. a4 Re8 11. Nbd2 Nb8 12. Nc4 Nc6 13. Ne3 Be6 14. h3 f6 15. Nh2 Qd7 16. Qh5 Nd4 17. Rfe1 Qf7 18. Qxf7+ Kxf7 19. Nhf1 g6 20. Ng3 h5 21. h4 Rg8 22. Kf1 Ke7 23. Ba3 Kd7 24. Reb1 a5 25. c4 Raf8 26. Ra2 f5 27. Nc2 f4 28. Nxd4 cxd4 29. Bxd6 Kxd6 30. Ne2 f3 31. Ng1 fxg2+ 32. Kxg2 Rf4 33. b4 axb4 34. Rxb4 Bc8 35. c5+ Ke6 36. Nf3 Rgf8 37. Ng5+ Ke7 38. f3 R8f6 39. Kg3 Ra6 40. Rc2 Kd7 1/2-1/2